000 00664nam a2200241 i 4500
001 396602
003 ARRUPE
005 20131107164922.0
008 800320s1979 fr 000 1 fre
010 _a 79121708
015 _aF***
020 _a2708703684 :
_c36.00F
040 _aDLC
_cDLC
_dDLC
050 0 0 _aPQ3989.2.S26
_bJ4
082 0 0 _a843
100 1 _aSassine, Williams,
_d1944-
_93494
245 1 3 _aLe jeune homme de sable :
_broman /
_cWilliams Sassine.
260 _aParis :
_bPrésence africaine,
_cc1979.
300 _a185 p. ;
_c20 cm.
490 0 _aÉcrits
906 _a7
_bcbc
_corignew
_d4
_encip
_f19
_gy-gencatlg
942 _2lcc
_cMONOGRAPH
999 _c118578
_d118578